| 000 | 01024nam a2200241 i 4500 | ||
|---|---|---|---|
| 001 | 156819 | ||
| 003 | ES-MaACL | ||
| 005 | 20250902103718.0 | ||
| 008 | 010619s1873 sp |||| | spa d | ||
| 080 | _a326.8(729.5) | ||
| 100 | 1 |
_aLabra, Rafael M. de, _d1840-1918 _969273 |
|
| 245 | 1 | 3 |
_aLa libertad de los negros de Puerto-Rico : _bdiscursos pronunciados en la Asamblea Nacional Española en marzo de 1873 / _cpor Rafael M. de Labra. |
| 260 |
_aMadrid : _bSociedad Abolicionista Española, _c1873. |
||
| 300 |
_a101 p. ; _c16 cm. |
||
| 490 | 1 | _aPropaganda anti-esclavista | |
| 530 | _aDisponible en formato digital. | ||
| 650 | 4 |
_aEsclavitud- _zPuerto Rico _912363 |
|
| 710 | 2 |
_aSociedad Abolicionista Española _96627 |
|
| 830 | 1 |
_aPropaganda anti-esclavista _9221722 |
|
| 852 | 4 |
_aES-MaACL _jT-161-F-11 _z- Enc. hol., falto de cub. y port. _z- Enc. en un vol. facticio |
|
| 856 | 4 |
_uhttp://bdh-rd.bne.es/viewer.vm?id=0000054672&page=1 _zBiblioteca Digital Hispánica |
|
| 999 |
_c156819 _d156819 |
||